Biens d'équipement électronique informatique et télécommunications

محفوظ في:
التفاصيل البيبلوغرافية
مؤلف مشترك: Publications du Commissariat General du Plan
التنسيق: كتاب
اللغة:Undetermined
منشور في: Paris La Documentation Francaise 1976
الموضوعات:
الوسوم: إضافة وسم
لا توجد وسوم, كن أول من يضع وسما على هذه التسجيلة!
Thư viện lưu trữ: Trung tâm Học liệu Trường Đại học Cần Thơ
LEADER 00586nam a2200181Ia 4500
001 CTU_87735
008 210402s9999 xx 000 0 und d
082 |a 621.381 
082 |b B588 
110 |a Publications du Commissariat General du Plan 
245 0 |a Biens d'équipement électronique informatique et télécommunications 
245 0 |c Publications du Commissariat General du Plan 
260 |a Paris 
260 |b La Documentation Francaise 
260 |c 1976 
650 |a Electronic circuits 
904 |i Năm 
980 |a Trung tâm Học liệu Trường Đại học Cần Thơ